[Event "FICGS rapid C 000001 email"]
[Site "FICGS email"]
[Date "2006.05.12"]
[Round "1"]
[White "Duffy, Sean"]
[Black "Parker, Trent"]
[Result "1-0"]
[WhiteElo "1200"]
[BlackElo "1400"]
[PlyCount "37"]
[EventDate "2006.??.??"]
[EventType "tourn (rapid)"]
[EventRounds "4"]
[SourceTitle "Corr 2022"]
[Source "ChessBase"]
[SourceDate "2021.10.24"]
[SourceVersion "1"]
[SourceVersionDate "2021.10.24"]
[SourceQuality "1"]

1. e4 Nc6 2. Nf3 e5 3. Bb5 f5 4. Nc3 Nf6 5. Qe2 fxe4 6. Nxe4 Nxe4 7. Qxe4 Qf6 8. Bxc6 dxc6 9. Nxe5 Be7 10. d3 0-0 11. Be3 Bd6 12. Nf3 Bf5 13. Qc4+ Be6 14. Qd4 Qg6 15. 0-0-0 Rad8 16. Qc3 Bg4 17. Rhg1 Qf6 18. Bd4 Qf4+ 19. Kb1 1-0